000 01203nam a2200289 i 4500
001 179715
003 ES-MaACL
005 20250812060044.0
008 120112s2008 sp acf c |||| | spa d
080 _a017.1(460.13 S.)
080 _a016:(05)
110 2 _aBiblioteca Menéndez y Pelayo.
_9149029
245 1 0 _aPublicaciones periódicas de la Biblioteca de Menéndez Pelayo
_b: inventario /
_cAndrés del Rey Sayagués, Rosa Fernández Lera.
260 _aSantander :
_bBiblioteca de Menéndez Pelayo,
_c2008.
300 _a269 p. :
_bil. col. ;
_c24 cm.
490 1 _aPublicaciones de la Biblioteca de Menéndez Pelayo ;
_v2
500 _aÍndices.
610 2 4 _aBiblioteca Menéndez y Pelayo-
_vCatálogos.
_9149030
650 7 _aPublicaciones periódicas-
_zBiblioteca Menéndez y Pelayo-
_vCatálogos.
_9149026
650 0 4 _aPublicaciones periódicas-
_vCatálogos
_916599
700 1 _aRey Sayagués, Andrés del.
_9145690
700 1 _aFernández Lera, Rosa
_9145689
830 0 _aPublicaciones de la Biblioteca de Menéndez Pelayo
_v2
_9191126
852 _aES-MaACL
_jA-11856
_9186614
_bR.146945
_cDEPO1
_dOlim: N-4861
942 _2udc
_cMONOGRAFIA
999 _c179715
_d179715